Dao De Jing /

Detalles Bibliográficos
Otros Autores: Arsovska, Liljana (Traductor, contributor agent of text.), Rodríguez Durán, Pablo (Traductor, contributor agent of text.), Constantini, Filippo (Traductor, contributor agent of text.)
Formato: Electrónico eBook
Lenguaje:español
chino
Publicado: Ciudad de México, México : El Colegio de México, 2023.
Edición:Primera edición electrónica.
Colección:Jornadas ; 179.
Materias:
Acceso en línea:Digitalia Hispánica

MARC

LEADER 00000nam a2200000 i 4500
001 DIGCOLMX0515
003 NyNyDIG
006 m o d
007 cr |||||||||||
008 231209s2023 mx ob 000 0 spa d
035 |a (OCoLC)1406019315 
040 |a DGITA  |b eng  |e rda  |e pn  |c DGITA 
020 |a 9786075645292  |q electrónica 
020 |z 9786075644271  |q impreso 
041 1 |a spa  |a chi  |h chi 
043 |a a-cc--- 
050 1 4 |a BL1900.L26 ebook 
245 0 0 |a Dao De Jing /  |c traducción e introducción de Liljana Arsovska y Pablo Rodríguez Durán con la colaboración de Filippo Constantini. 
250 |a Primera edición electrónica. 
264 1 |a Ciudad de México, México :  |b El Colegio de México,  |c 2023. 
300 |a 1 online resource. 
336 |a text  |b txt  |2 rdacontent 
337 |a computer file  |b c  |2 rdamedia 
338 |a online resource  |b cr  |2 rdacarrier 
347 |a text file  |2 rdaft 
347 |b EPUB 
490 1 |a Jornadas ;  |v 179 
504 |a Includes bibliographical references. 
546 |a Text in Spanish with some text in Chinese and its translation into Spanish. 
588 0 |a Online resource; title from ePub title page (Digitalia, viewed December 9, 2023) 
650 0 |a Taoism. 
650 0 |a Religions. 
651 0 |a China  |x Religious life and customs. 
700 1 |a Arsovska, Liljana,  |e translator,  |e contributor agent of text. 
700 1 |a Rodríguez Durán, Pablo,  |e translator,  |e contributor agent of text. 
700 1 |a Constantini, Filippo,  |e translator,  |e contributor agent of text. 
776 0 8 |i Print version:  |t Dao De Jing.  |b Primera edición impresa.  |d Ciudad de México, México : El Colegio de México, 2023  |z 9786075644271 
791 2 |a Digitalia (Firm),  |e distributor. 
793 0 |g Digitalia eBook Collection:  |a El Colegio de México 
830 0 |a Jornadas ;  |v 179. 
856 4 0 |3 Digitalia Hispánica  |u https://www.digitaliapublishing.com/a/131884/ 
910 |a Premium collection: 2023